Wiceprzewodniczący KO - Statystyki

Ogólne statystyki
  • Ten quiz został rozwiązany 9 razy
  • Średni wynik to 5 z 10
Statystyki odpowiedzi
Wiceprzewodniczący % Poprawnych
Rafał Trzaskowski
100%
Borys Budka
75%
Tomasz Siemoniak
75%
Cezary Tomczyk
50%
Dorota Niedziela
50%
Ewa Kopacz
50%
Bartosz Arłukowicz
25%
Izabela Leszczyna
25%
Małgorzata Kidawa-Błońska
25%
Marzena Okła-Drewnowicz
25%
Nie znaleziono quizów pasujących do podanych kryteriów
Rozkład punktacji
Procent ludzi z każdym wynikiem
Percentyl według liczby udzielonych odpowiedzi
Twoja historia wyników
Nie rozwiązałeś tego quizu